Normal view
MARC view
- Nair, Latha Nair, N.G
Entry Personal Name
001 - CONTROL NUMBER
- control field: 57924
003 - CONTROL NUMBER IDENTIFIER
- control field: NUST
005 - DATE AND TIME OF LATEST TRANSACTION
- control field: 20210628202023.0
008 - FIXED-LENGTH DATA ELEMENTS
- fixed length control field: 210628|| aca||aabn | a|a d
040 ## - CATALOGING SOURCE
- Original cataloging agency: NUST
- Transcribing agency: NUST
100 ## - HEADING--PERSONAL NAME
- Personal name: Nair, Latha Nair, N.G
670 ## - SOURCE DATA FOUND
- Source citation: Work cat.: (NUST): Nair, Latha Nair, N.G, Personnel management and industrial relations, 1991
